| 000 | 00688cam a2200265 4500 | ||
|---|---|---|---|
| 008 | 090401t1992 xxu||||| |||| 00| 0 eng d | ||
| 020 | _a1856090019 | ||
| 035 | _a(Sirsi) u21436 | ||
| 041 | _aeng | ||
| 050 | _a658.15 | ||
| 100 | _aGordon, Alan | ||
| 245 | _aRisk financing. | ||
| 260 |
_aLondon _bWitherby and Co. Ltd. _c1992 |
||
| 300 | _aviii,200p. ; 22cm. | ||
| 350 | _a15 | ||
| 650 | _aBUSINESS FINANCE | ||
| 650 |
_aInsurance _96249 |
||
| 650 | _aRISK FINANCING | ||
| 650 | _aRISK MANAGEMENT | ||
| 650 | _aSELF-INSURANCE | ||
| 690 | _aPROPERTY-PROPERTY FINANCE AND INVESTMENT | ||
| 710 |
_aInstitute of Risk Management _91091 |
||
| 942 | _n0 | ||
| 948 | _c04/03/1997 | ||
| 999 |
_c87976 _d87976 |
||